GENDER RELATED LEGAL REFORM AND ACCESS TO ECONOMIC RESOURCES IN EASTERN AFRICA (Record no. 12711)

MARC details
000 -LEADER
fixed length control field 00431nam a22001577a 4500
003 - CONTROL NUMBER IDENTIFIER
control field OSt
005 - DATE AND TIME OF LATEST TRANSACTION
control field 20211014110436.0
008 - FIXED-LENGTH DATA ELEMENTS--GENERAL INFORMATION
fixed length control field 211014b |||||||| |||| 00| 0 eng d
020 ## - INTERNATIONAL STANDARD BOOK NUMBER
International Standard Book Number 0821345665
040 ## - CATALOGING SOURCE
Original cataloging agency HU
Transcribing agency DDC
082 ## - DEWEY DECIMAL CLASSIFICATION NUMBER
Classification number 346.0134
245 ## - TITLE STATEMENT
Title GENDER RELATED LEGAL REFORM AND ACCESS TO ECONOMIC RESOURCES IN EASTERN AFRICA
260 ## - PUBLICATION, DISTRIBUTION, ETC.
Place of publication, distribution, etc. WASHINGTON
Name of publisher, distributor, etc. GITA GOSPAL
Date of publication, distribution, etc. 1999
300 ## - PHYSICAL DESCRIPTION
Extent viii,45,P,37CM
942 ## - ADDED ENTRY ELEMENTS (KOHA)
Source of classification or shelving scheme Dewey Decimal Classification
Koha item type Books like text book referance book
Suppress in OPAC No
Holdings
Withdrawn status Lost status Source of classification or shelving scheme Damaged status Not for loan Home library Current library Shelving location Date acquired Total Checkouts Full call number Barcode Date last seen Copy number Price effective from Koha item type
    Dewey Decimal Classification     Law & Governance lLbrary Law & Governance lLbrary General Stacks 10/14/2021   346.0134/GOP LGCLIB0001170 10/14/2021 C1 10/14/2021 Books like text book referance book
    Dewey Decimal Classification     Law & Governance lLbrary Law & Governance lLbrary General Stacks 10/14/2021   346.0134/GOP LGCLIB0001171 10/14/2021 C2 10/14/2021 Books like text book referance book
    Dewey Decimal Classification     Law & Governance lLbrary Law & Governance lLbrary General Stacks 10/14/2021   346.0134/GOP LGCLIB0001172 10/14/2021 C3 10/14/2021 Books like text book referance book